000 00378 a2200169 4500
001 190214
020 _a85-08-08758-6
040 _cMagnum
100 _aGomes, Alvaro Cardoso
240 1 0 _aMemórias de um jovem padre
_lpor
245 1 0 _aMemórias de um jovem padre
300 _a136
362 0 _a2003
440 1 _aÁtica
697 _aLITERATURA JUVENIL
942 _cBK
999 _c190214
_d190214